00459nam a2200145Ia 4500003000900000008004100009020001800050040001600068080002000084100002100104245009600125260004800221300001600269650002800285IN-BaIIA211028s9999 xx 000 0 eng d a0-521-47770-0 cIIA Library a551.21:523bFRA aFrankel, Charles 0aVolcanoes of the solar systemcCharles Frankel  aCambridgebCambridge University Pressc1996 axiii, 232p. aVolcanoes, Solar system